Proceedings of the 8th Australasian Conference on Information Systems, 29 September - 2 October 1997 /

Saved in:
Bibliographic Details
Corporate Authors: Australasian Conference on Information Systems University of South Australia, University of South Australia. School of Information Systems
Other Authors: Sutton, David J.
Format: Conference Proceeding Book
Language:English
Published: Darlinghurst, N.S.W. : Adelaide, S. Aust. : Australasian Conference on Information Systems ; School of Information Systems, University of South Australia, c1997.
Subjects:
LEADER 01549cam a2200337 a 4500
001 c000390492
003 CARM
005 20120615110523.0
008 120615s1997 xraa b 100 0 eng d
019 1 |a 13473393  |5 LACONCORD2021 
020 |a 0868032581 (pbk.) 
035 |a (OCoLC)38828193  |5 LACONCORD2021 
040 |a SUSA  |b eng  |c SUSA 
042 |a anuc 
082 0 4 |a 005.74  |2 21 
111 2 |a Australasian Conference on Information Systems  |n (8th :  |d 1997 :  |c University of South Australia) 
245 1 0 |a Proceedings of the 8th Australasian Conference on Information Systems, 29 September - 2 October 1997 /  |c editor, David J. Sutton. 
246 3 |i At head of title:  |a ACIS'97 
260 |a Darlinghurst, N.S.W. :  |b Australasian Conference on Information Systems ;  |a Adelaide, S. Aust. :  |b School of Information Systems, University of South Australia,  |c c1997. 
300 |a x, 761 p. :  |b ill. ;  |c 29 cm. 
504 |a Includes bibliographical references. 
650 0 |a Information services  |v Congresses. 
650 0 |a Information technology  |v Congresses. 
650 0 |a Information resources management  |v Congresses. 
700 1 |a Sutton, David J. 
710 2 |a University of South Australia.  |b School of Information Systems. 
852 8 |b CARM  |p 0581170  |f BK 
852 8 |b SCAN  |h A3:AG27C0  |i F08300  |p 0581170  |f BK 
999 f f |i 5be56527-41b0-594b-a336-1bf0fce86cb2  |s 73356aa3-76bb-53b2-a47a-dee74d98ee4d 
952 f f |p Can circulate  |a CAVAL  |b CAVAL  |c CAVAL  |d CARM 1 Store  |i book  |m 0581170 
952 f f |a CAVAL  |b CAVAL  |c CAVAL  |d Unmapped Location  |e F08300  |f A3:AG27C0  |h Other scheme